Touchstone class audio : Level 2
Salvato in:
| Autore principale: | |
|---|---|
| Natura: | Libro |
| Lingua: | Undetermined |
| Pubblicazione: |
New York, N.Y.
Cambridge University Press
2006
|
| Soggetti: | |
| Tags: |
Aggiungi Tag
Nessun Tag, puoi essere il primo ad aggiungerne! !
|
| Thư viện lưu trữ: | Trung tâm Học liệu Trường Đại học Cần Thơ |
|---|
| LEADER | 00655nam a2200229Ia 4500 | ||
|---|---|---|---|
| 001 | CTU_124210 | ||
| 008 | 210402s9999 xx 000 0 und d | ||
| 020 | |c 100000 | ||
| 082 | |a 428.34 | ||
| 082 | |b M123/L.2-3 | ||
| 100 | |a McCarthy, Michael | ||
| 245 | 0 | |a Touchstone class audio : | |
| 245 | 0 | |b Level 2 | |
| 245 | 0 | |c Michael McCarthy, Jeanne McCarten, Helen Sandiford | |
| 260 | |a New York, N.Y. | ||
| 260 | |b Cambridge University Press | ||
| 260 | |c 2006 | ||
| 650 | |a English language,Listening | ||
| 650 | |x Study and teaching,Foreign speakers | ||
| 904 | |i Minh | ||
| 915 | |a 400 | ||
| 980 | |a Trung tâm Học liệu Trường Đại học Cần Thơ | ||